Leaders of the Cold War #5 - Statistics

General Stats
  • This quiz has been taken 19 times
  • The average score is 7 of 16
Answer Stats
Picture Answer % Correct
Gerald R. Ford
94%
Harry S. Truman
94%
Muammar Gaddafi
94%
Josip Broz Tito
72%
Yasser Arafat
61%
Hafez al-Assad
44%
Konrad Adenauer
39%
Enrich Honecker
33%
Harold MacMillan
33%
F. W. de Klerk
28%
Leopoldo Galtieri
22%
Eamon de Valera
17%
James Callaghan
17%
Mohammed Mosaddegh
17%
Ngo Dinh Diem
17%
Khaleda Zia
6%
No matching quizzes found
Score Distribution
Percent of People with Each Score
Percentile by Number Answered
Your Score History
You have not taken this quiz